<?xml version="1.0" encoding="UTF-8"?>
<record
    xmlns:xsi="http://www.w3.org/2001/XMLSchema-instance"
    xsi:schemaLocation="http://www.loc.gov/MARC21/slim http://www.loc.gov/standards/marcxml/schema/MARC21slim.xsd"
    xmlns="http://www.loc.gov/MARC21/slim">

  <leader>00310nam a2200121   4500</leader>
  <controlfield tag="005">20260121165354.0</controlfield>
  <controlfield tag="008">260121b        |||||||| |||| 00| 0 eng d</controlfield>
  <datafield tag="022" ind1=" " ind2=" ">
    <subfield code="a">3117-4213</subfield>
  </datafield>
  <datafield tag="041" ind1=" " ind2=" ">
    <subfield code="a">English</subfield>
  </datafield>
  <datafield tag="245" ind1=" " ind2=" ">
    <subfield code="a">Journal of Advance Nursing Practice</subfield>
  </datafield>
  <datafield tag="260" ind1=" " ind2=" ">
    <subfield code="b">McMed International</subfield>
    <subfield code="c">2025</subfield>
  </datafield>
  <datafield tag="942" ind1=" " ind2=" ">
    <subfield code="2">ddc</subfield>
    <subfield code="c">JN</subfield>
    <subfield code="s">1</subfield>
  </datafield>
  <datafield tag="999" ind1=" " ind2=" ">
    <subfield code="c">369931</subfield>
    <subfield code="d">369931</subfield>
  </datafield>
  <datafield tag="952" ind1=" " ind2=" ">
    <subfield code="0">0</subfield>
    <subfield code="1">0</subfield>
    <subfield code="2">ddc</subfield>
    <subfield code="4">0</subfield>
    <subfield code="7">0</subfield>
    <subfield code="a">BTIN</subfield>
    <subfield code="b">BTIN</subfield>
    <subfield code="c">DISPLAY</subfield>
    <subfield code="d">2026-01-21</subfield>
    <subfield code="h">Vol. 12, No. 1</subfield>
    <subfield code="l">0</subfield>
    <subfield code="p">RP3415</subfield>
    <subfield code="r">2026-01-21 11:24:45</subfield>
    <subfield code="w">2026-01-21</subfield>
    <subfield code="y">JN</subfield>
  </datafield>
  <datafield tag="952" ind1=" " ind2=" ">
    <subfield code="0">0</subfield>
    <subfield code="1">0</subfield>
    <subfield code="2">ddc</subfield>
    <subfield code="4">0</subfield>
    <subfield code="7">0</subfield>
    <subfield code="a">BTIN</subfield>
    <subfield code="b">BTIN</subfield>
    <subfield code="c">DISPLAY</subfield>
    <subfield code="d">2026-01-21</subfield>
    <subfield code="h">Vol. 12, No. 2</subfield>
    <subfield code="l">0</subfield>
    <subfield code="p">RP3450</subfield>
    <subfield code="r">2026-01-21 11:25:26</subfield>
    <subfield code="w">2026-01-21</subfield>
    <subfield code="y">JN</subfield>
  </datafield>
</record>
